Sri Lanka's judiciary : (Record no. 4632)

MARC details
000 -LEADER
fixed length control field 00691nam a2200169 4500
008 - FIXED-LENGTH DATA ELEMENTS--GENERAL INFORMATION
fixed length control field 240117b |||||||| |||| 00| 0 eng d
082 ## - DEWEY DECIMAL CLASSIFICATION NUMBER
Classification number 363.2595
Item number INT
942 ## - ADDED ENTRY ELEMENTS (KOHA)
Item Type Reports
110 ## - MAIN ENTRY--CORPORATE NAME
Corporate Name International Crisis Group
245 ## - TITLE STATEMENT
Title Sri Lanka's judiciary :
Sub Title politicised courts, compromised rights : executive summary and recommendations
260 ## - PUBLICATION, DISTRIBUTION, ETC. (IMPRINT)
Place of Publication [Colombo]:
Name of Publisher International Crisis Group,
Date of Copyright 2009
300 ## - PHYSICAL DESCRIPTION
Extent iv, 39 p. : map ; 28 cm
440 ## - SERIES STATEMENT/ADDED ENTRY--TITLE
Title Asia report
Volume no. 172
856 ## - ELECTRONIC LOCATION AND ACCESS
Uniform Resource Identifier <a href="https://icg-prod.s3.amazonaws.com/172-sri-lanka-s-judiciary-politicised-courts-compromised-rights.pdf">https://icg-prod.s3.amazonaws.com/172-sri-lanka-s-judiciary-politicised-courts-compromised-rights.pdf</a>
650 ## - SUBJECT ADDED ENTRY--TOPICAL TERM
Topical Term Criminal justice, Administration of -Sri Lanka
650 ## - SUBJECT ADDED ENTRY--TOPICAL TERM
Topical Term Sri Lanka- Politics and government
Holdings
Withdrawn status Lost status Source of classification or shelving scheme Damaged status Not for loan Permanent location Current location Date acquired Total Checkouts Full call number Barcode Date last seen Price effective from Koha item type
    Dewey Decimal Classification     Resource center, Muslim Women's Research And Action Forum Resource center, Muslim Women's Research And Action Forum 2024-01-17   363.2595 INT RAF4752 2024-01-17 2024-01-17 Reports

Copyright © 2023 Muslim Women's Research and Action Forum (MWRAF), No 27/3, Anderson Road, Kalubowila, Dehiwela. Funded by The Asia Fundation